[Event "SRB-chT Premier"]
[Site "Vrnjacka Banja"]
[Date "2022.09.26"]
[Round "7.3"]
[White "Perunovic, Miodrag"]
[Black "Radivojevic, Milan R"]
[Result "1-0"]
[WhiteElo "2413"]
[BlackElo "2172"]
[PlyCount "95"]
[EventDate "2022.09.20"]
[EventType "team-tourn"]
[EventRounds "11"]
[EventCountry "SRB"]
[SourceTitle "CBM 210 Extra"]
[Source "ChessBase"]
[SourceDate "2022.11.30"]
[SourceVersion "1"]
[SourceVersionDate "2022.11.30"]
[SourceQuality "1"]
[WhiteTeam "Pozega"]
[BlackTeam "Grocka Vinogradi"]
[WhiteTeamCountry "SRB"]
[BlackTeamCountry "SRB"]

1. e4 c6 2. Nc3 d5 3. Nf3 Bg4 4. h3 Bxf3 5. Qxf3 e6 6. d3 Nd7 7. Bd2 Ngf6 8. 0-0-0 Qc7 9. g4 g6 10. h4 h5 11. g5 Ng4 12. Bh3 Bb4 13. Bxg4 hxg4 14. Qxg4 d4 15. Nb1 Bxd2+ 16. Nxd2 0-0-0 17. f4 Kb8 18. Kb1 c5 19. Rdf1 b5 20. h5 gxh5 21. Rxh5 c4 22. Rxh8 Rxh8 23. Qg1 cxd3 24. cxd3 Rc8 25. Rc1 Qxf4 26. Qxd4 Rxc1+ 27. Kxc1 Ne5 28. Kc2 Nf3 29. Nxf3 Qxf3 30. Qe5+ Kc8 31. Qc5+ Kd8 32. Qd6+ Kc8 33. Qc6+ Kd8 34. Qa8+ Kc7 35. Qxa7+ Kc6 36. Kc3 Qf4 37. Qa6+ Kc7 38. Qxb5 e5 39. Qc5+ Kb7 40. Qg1 Qh4 41. a4 Qh8 42. a5 Qc8+ 43. Kb4 Qc2 44. Qb6+ Ka8 45. Qd8+ Ka7 46. Qe7+ Ka6 47. Qf6+ Kb7 48. Qxf7+ 1-0

[Event "Belgrade Premier League"]
[Site "Belgrade"]
[Date "2021.10.10"]
[Round "9.6"]
[White "Masic, Predrag"]
[Black "Radivojevic, Milan R"]
[Result "0-1"]
[WhiteElo "2262"]
[BlackElo "2171"]
[PlyCount "127"]
[EventDate "2021.10.01"]
[EventType "team-tourn"]
[EventRounds "11"]
[EventCountry "SRB"]
[SourceTitle "CBM 204 Extra"]
[Source "ChessBase"]
[SourceDate "2021.11.30"]
[SourceVersion "1"]
[SourceVersionDate "2021.11.30"]
[SourceQuality "1"]
[WhiteTeam "Belgrade Crvena Zvezda"]
[BlackTeam "Grocka"]
[WhiteTeamCountry "SRB"]
[BlackTeamCountry "SRB"]

1. e4 c6 2. d4 d5 3. Nd2 dxe4 4. Nxe4 Bf5 5. Ng3 Bg6 6. Nf3 Nd7 7. Bc4 Ngf6 8. 0-0 e6 9. Qe2 Be7 10. Rd1 0-0 11. Nh4 Re8 12. Nxg6 hxg6 13. Bb3 Qc7 14. Ne4 Nxe4 15. Qxe4 Nf6 16. Qf3 b5 17. g3 Red8 18. Bf4 Qb6 19. c3 Nd5 20. Bd2 Rac8 21. h4 c5 22. dxc5 Qxc5 23. Rac1 Nb6 24. Be3 Qc7 25. Bf4 Bd6 26. Rxd6 Rxd6 27. Bxd6 Qxd6 28. Rd1 Qc7 29. h5 gxh5 30. Qxh5 Nc4 31. Qxb5 Nxb2 32. Rd2 Qxc3 33. Qe2 Qc1+ 34. Kg2 Qc6+ 35. Kh2 Na4 36. Qh5 Nc5 37. Rc2 Qd6 38. Rc4 g6 39. Qh6 Qf8 40. Qc1 Nxb3 41. axb3 Rxc4 42. Qxc4 Qb8 43. b4 Qb6 44. Kg1 e5 45. b5 Kg7 46. Qd5 Qd4 47. Qc6 e4 48. Qe8 Qd1+ 49. Kg2 Qd5 50. Kg1 Kf6 51. Qb8 Qc5 52. Qf4+ Qf5 53. Qc7 Qxb5 54. Qxa7 Qb1+ 55. Kg2 Qd3 56. Qc5 Qf3+ 57. Kg1 e3 58. Qxe3 Qxe3 59. fxe3 Kf5 60. Kf2 g5 61. Ke2 Kg4 62. Kf2 Kh3 63. Kf3 f5 64. Kf2 0-1

[Event "Belgrade Premier League"]
[Site "Belgrade"]
[Date "2021.10.04"]
[Round "4.4"]
[White "Radivojevic, Milan R"]
[Black "Djordjevic, Bozidar M"]
[Result "1/2-1/2"]
[WhiteElo "2171"]
[BlackElo "1985"]
[PlyCount "49"]
[EventDate "2021.10.01"]
[EventType "team-tourn"]
[EventRounds "11"]
[EventCountry "SRB"]
[SourceTitle "CBM 204 Extra"]
[Source "ChessBase"]
[SourceDate "2021.11.30"]
[SourceVersion "1"]
[SourceVersionDate "2021.11.30"]
[SourceQuality "1"]
[WhiteTeam "Grocka"]
[BlackTeam "Mirijevo"]
[WhiteTeamCountry "SRB"]
[BlackTeamCountry "SRB"]

1. e4 c5 2. Nc3 a6 3. g3 g6 4. Bg2 Bg7 5. d3 Nc6 6. Be3 d6 7. Qd2 e6 8. Nh3 Nge7 9. 0-0 0-0 10. Bh6 Bd7 11. Bxg7 Kxg7 12. f4 Rb8 13. g4 f5 14. gxf5 exf5 15. Kh1 b5 16. Nd5 b4 17. Rae1 fxe4 18. Nxe7 Qxe7 19. dxe4 Rbd8 20. Rf2 a5 21. c3 Qh4 22. f5 Ne5 23. Qxd6 Ng4 24. f6+ Kh8 25. Rff1 1/2-1/2

[Event "Belgrade Premier League"]
[Site "Belgrade"]
[Date "2021.10.03"]
[Round "3.3"]
[White "Radivojevic, Milan R"]
[Black "Vrbljanac, Aleksandar"]
[Result "1/2-1/2"]
[WhiteElo "2171"]
[BlackElo "2299"]
[PlyCount "21"]
[EventDate "2021.10.01"]
[EventType "team-tourn"]
[EventRounds "11"]
[EventCountry "SRB"]
[SourceTitle "CBM 204 Extra"]
[Source "ChessBase"]
[SourceDate "2021.11.30"]
[SourceVersion "1"]
[SourceVersionDate "2021.11.30"]
[SourceQuality "1"]
[WhiteTeam "Grocka"]
[BlackTeam "Belgrade Bogoslov"]
[WhiteTeamCountry "SRB"]
[BlackTeamCountry "SRB"]

1. e4 c5 2. Nc3 Nc6 3. g3 g6 4. Bg2 Bg7 5. d3 d6 6. Nh3 e6 7. 0-0 Nge7 8. Be3 b6 9. Qd2 h6 10. Rae1 Qd7 11. f4 1/2-1/2

[Event "Belgrade Premier League"]
[Site "Belgrade"]
[Date "2021.10.01"]
[Round "1.2"]
[White "Radivojevic, Milan R"]
[Black "Vulinovic, Radivoje"]
[Result "1/2-1/2"]
[WhiteElo "2171"]
[BlackElo "2190"]
[PlyCount "106"]
[EventDate "2021.10.01"]
[EventType "team-tourn"]
[EventRounds "11"]
[EventCountry "SRB"]
[SourceTitle "CBM 204 Extra"]
[Source "ChessBase"]
[SourceDate "2021.11.30"]
[SourceVersion "1"]
[SourceVersionDate "2021.11.30"]
[SourceQuality "1"]
[WhiteTeam "Grocka"]
[BlackTeam "Belgrade Napredak"]
[WhiteTeamCountry "SRB"]
[BlackTeamCountry "SRB"]

1. e4 e5 2. Nc3 Nc6 3. g3 Bc5 4. Bg2 a6 5. d3 Nge7 6. Nge2 0-0 7. 0-0 d6 8. Be3 Bxe3 9. fxe3 f5 10. Qd2 Be6 11. exf5 Bxf5 12. e4 Be6 13. Rxf8+ Qxf8 14. Rf1 Qe8 15. Nd5 Qd7 16. Qg5 Kh8 17. c3 h6 18. Qe3 Ng8 19. h4 Nce7 20. d4 Ng6 21. dxe5 dxe5 22. Qc5 Bg4 23. Rf2 Bxe2 24. Rxe2 c6 25. Ne3 Nf6 26. Qc4 Rd8 27. Re1 Qc7 28. Rd1 Rxd1+ 29. Nxd1 Qb6+ 30. Kh1 Qd8 31. Qe2 a5 32. Ne3 b5 33. Bf3 a4 34. a3 Qd7 35. Kg2 Ne7 36. Ng4 Nxg4 37. Bxg4 Qd6 38. Qd1 Qxd1 39. Bxd1 Nc8 40. c4 Kg8 41. Kf2 Kf7 42. cxb5 cxb5 43. Ke3 Ke7 44. Kd3 Kd6 45. Kc3 Kc5 46. b4+ axb3 47. Bxb3 Nd6 48. Kd3 Ne8 49. Bd1 Nf6 50. Be2 g5 51. hxg5 hxg5 52. Bd1 Ne8 53. Bb3 Nd6 1/2-1/2

[Event "Belgrade-chT"]
[Site "Belgrade"]
[Date "2019.10.03"]
[Round "10.5"]
[White "Masic, Predrag"]
[Black "Radivojevic, Milan R"]
[Result "1/2-1/2"]
[WhiteElo "2300"]
[BlackElo "2221"]
[PlyCount "137"]
[EventDate "2019.09.23"]
[EventType "team-tourn"]
[EventRounds "11"]
[EventCountry "SRB"]
[SourceTitle "EXT 2020"]
[Source "ChessBase"]
[SourceDate "2019.10.17"]
[SourceVersion "1"]
[SourceVersionDate "2019.10.17"]
[SourceQuality "1"]
[WhiteTeam "Grocka"]
[BlackTeam "Mirijevo"]
[WhiteTeamCountry "SRB"]
[BlackTeamCountry "SRB"]

1. e4 c6 2. d4 d5 3. exd5 cxd5 4. Bd3 Nc6 5. c3 Nf6 6. Nf3 g6 7. 0-0 Bf5 8. Bxf5 gxf5 9. Bf4 Bg7 10. Re1 0-0 11. Nbd2 e6 12. Ne5 Rc8 13. Ndf3 Ne4 14. Qe2 Qe7 15. Rad1 Rfd8 16. Nd3 Kh8 17. Nfe5 Nxe5 18. Nxe5 f6 19. Nd3 e5 20. Bc1 Re8 21. Qh5 Nd6 22. dxe5 fxe5 23. Nf4 Qf7 24. Qxf7 Nxf7 25. Nxd5 Rcd8 26. Nc7 Re7 27. Rxd8+ Nxd8 28. Rd1 Nc6 29. Nb5 Bf6 30. Be3 a6 31. Na7 Nxa7 32. Bxa7 Kg7 33. Bb6 Kf7 34. Kf1 Ke6 35. Ke2 Rg7 36. g3 h5 37. c4 h4 38. b3 hxg3 39. hxg3 Rh7 40. a4 Be7 41. c5 f4 42. gxf4 exf4 43. b4 Rh3 44. Rd3 Rxd3 45. Kxd3 Kd5 46. f3 Bh4 47. Kc3 Be1+ 48. Kb3 Bf2 49. Bc7 Be3 50. Kc3 Kc6 51. Bb6 Kd5 52. Kd3 Bc1 53. Bc7 Kc6 54. Be5 Kd5 55. Bd4 Ba3 56. Bc3 Bc1 57. a5 Be3 58. Bb2 Bf2 59. Bc3 Be3 60. Be1 Bc1 61. Bf2 Bb2 62. Kc2 Bf6 63. Kb3 Be5 64. Be1 Bd4 65. Bd2 Be5 66. Bc3 Bc7 67. Bg7 Bd8 68. Bh6 Be7 69. Kc3 1/2-1/2

[Event "Belgrade-chT"]
[Site "Belgrade"]
[Date "2019.10.02"]
[Round "9.2"]
[White "Radivojevic, Milan R"]
[Black "Carnic, Srdjan"]
[Result "1/2-1/2"]
[WhiteElo "2221"]
[BlackElo "2307"]
[PlyCount "22"]
[EventDate "2019.09.23"]
[EventType "team-tourn"]
[EventRounds "11"]
[EventCountry "SRB"]
[SourceTitle "EXT 2020"]
[Source "ChessBase"]
[SourceDate "2019.10.17"]
[SourceVersion "1"]
[SourceVersionDate "2019.10.17"]
[SourceQuality "1"]
[WhiteTeam "Mirijevo"]
[BlackTeam "Belgrade Radnicki"]
[WhiteTeamCountry "SRB"]
[BlackTeamCountry "SRB"]

1. d4 Nf6 2. Nf3 d5 3. Bf4 c5 4. c3 Nc6 5. e3 Qb6 6. Qc2 g6 7. Nbd2 Bf5 8. dxc5 Qxc5 9. Qb3 Na5 10. Qb5+ Qxb5 11. Bxb5+ Bd7 1/2-1/2

[Event "Belgrade-chT Quality"]
[Site "Belgrade"]
[Date "2018.09.27"]
[Round "10.4"]
[White "Radivojevic, Milan R"]
[Black "Ugrcic, Zoran"]
[Result "1-0"]
[WhiteElo "2248"]
[BlackElo "1986"]
[PlyCount "73"]
[EventDate "2018.09.17"]
[EventType "team-tourn"]
[EventRounds "11"]
[EventCountry "SRB"]
[SourceTitle "CBM 186 Extra"]
[Source "ChessBase"]
[SourceDate "2018.08.24"]
[SourceVersion "1"]
[SourceVersionDate "2018.08.24"]
[SourceQuality "1"]
[WhiteTeam "Mirijevo"]
[BlackTeam "Cukaricki"]
[WhiteTeamCountry "SRB"]
[BlackTeamCountry "SRB"]

1. e4 c5 2. Nc3 Nc6 3. g3 g6 4. Bg2 Bg7 5. d3 d6 6. Be3 Nf6 7. h3 Qb6 8. Rb1 a5 9. Nge2 Bd7 10. 0-0 Nd4 11. f4 Nxe2+ 12. Nxe2 0-0 13. Qd2 e6 14. g4 Bc6 15. c4 d5 16. g5 d4 17. Bf2 Nd7 18. Ng3 f5 19. gxf6 Nxf6 20. e5 Nd7 21. Ne4 Bh6 22. Bh4 Bxe4 23. Bxe4 Nxe5 24. Rbe1 Rae8 25. Qh2 Nd7 26. Bg5 Bg7 27. Qg2 Rb8 28. Re2 Nf6 29. Bf3 Rf7 30. Rfe1 Re8 31. Bd5 Rfe7 32. f5 Nxd5 33. cxd5 e5 34. Bxe7 Rxe7 35. fxg6 Qxg6 36. Qxg6 hxg6 37. Rg2 1-0

[Event "Belgrade-chT Quality"]
[Site "Belgrade"]
[Date "2018.09.26"]
[Round "9.4"]
[White "Radivojevic, Milan R"]
[Black "Stanojevic, Milan"]
[Result "1-0"]
[WhiteElo "2248"]
[BlackElo "2055"]
[PlyCount "95"]
[EventDate "2018.09.17"]
[EventType "team-tourn"]
[EventRounds "11"]
[EventCountry "SRB"]
[SourceTitle "CBM 186 Extra"]
[Source "ChessBase"]
[SourceDate "2018.08.24"]
[SourceVersion "1"]
[SourceVersionDate "2018.08.24"]
[SourceQuality "1"]
[WhiteTeam "Mirijevo"]
[BlackTeam "Belgrade PTT"]
[WhiteTeamCountry "SRB"]
[BlackTeamCountry "SRB"]

1. e4 c5 2. Nc3 d6 3. g3 Nc6 4. Bg2 g6 5. d3 Bg7 6. Be3 e6 7. Qd2 Nge7 8. Nge2 0-0 9. Bh6 d5 10. Bxg7 Kxg7 11. exd5 exd5 12. 0-0 d4 13. Ne4 b6 14. Rfe1 f5 15. Ng5 h6 16. Nf3 Qd6 17. h4 Bd7 18. Nf4 Rae8 19. c4 Ng8 20. a3 Nf6 21. b4 Ng4 22. b5 Nce5 23. Nxe5 Nxe5 24. Nd5 Be6 25. Nf4 Bc8 26. Re2 Rf7 27. Rae1 Rfe7 28. Nd5 Re6 29. Kf1 Bb7 30. Qf4 Bc8 31. Kg1 Bd7 32. a4 Bc8 33. Qd2 Bb7 34. Nf4 R6e7 35. Bxb7 Rxb7 36. Kg2 Rbe7 37. Nd5 Re6 38. Nf4 R6e7 39. Nd5 Re6 40. Qf4 Qb8 41. h5 Qd6 42. hxg6 Kxg6 43. f3 h5 44. Rh1 Rh8 45. Qd2 Kg7 46. Nf4 Reh6 47. Qe1 Kf6 48. Nd5+ 1-0

[Event "Belgrade-chT Quality"]
[Site "Belgrade"]
[Date "2018.09.19"]
[Round "3.3"]
[White "Carnic, Srdjan"]
[Black "Radivojevic, Milan R"]
[Result "1/2-1/2"]
[WhiteElo "2313"]
[BlackElo "2248"]
[PlyCount "23"]
[EventDate "2018.09.17"]
[EventType "team-tourn"]
[EventRounds "11"]
[EventCountry "SRB"]
[SourceTitle "CBM 186 Extra"]
[Source "ChessBase"]
[SourceDate "2018.08.24"]
[SourceVersion "1"]
[SourceVersionDate "2018.08.24"]
[SourceQuality "1"]
[WhiteTeam "Belgrade Radnicki"]
[BlackTeam "Mirijevo"]
[WhiteTeamCountry "SRB"]
[BlackTeamCountry "SRB"]

1. d4 d5 2. c4 c6 3. Nf3 Nf6 4. Nbd2 Bf5 5. g3 h6 6. Bg2 e6 7. 0-0 Nbd7 8. Re1 Be7 9. b3 0-0 10. Bb2 Ne4 11. a3 a5 12. Nxe4 1/2-1/2

[Event "Belgrade Jezero op"]
[Site "Belgrade"]
[Date "2017.08.12"]
[Round "8"]
[White "Radivojevic, Milan R"]
[Black "Tadic, Stefan"]
[Result "1-0"]
[WhiteElo "2239"]
[BlackElo "2020"]
[PlyCount "67"]
[EventDate "2017.08.05"]
[EventType "swiss"]
[EventRounds "9"]
[EventCountry "SRB"]
[SourceTitle "CBM 180 Extra"]
[Source "ChessBase"]
[SourceDate "2017.10.06"]
[SourceVersion "1"]
[SourceVersionDate "2017.10.06"]
[SourceQuality "1"]

1. d4 Nf6 2. Nf3 c5 3. c3 d5 4. e3 Nc6 5. Bd3 Bg4 6. h3 Bh5 7. Nbd2 e6 8. b3 cxd4 9. cxd4 Bb4 10. a3 Bc3 11. Ra2 Ne4 12. 0-0 f5 13. Be2 0-0 14. Rc2 Ba5 15. Bb2 a6 16. b4 Bc7 17. Ne5 Bxe2 18. Qxe2 Nxe5 19. dxe5 Qb8 20. Nf3 Bb6 21. Rfc1 Qa7 22. Bd4 f4 23. Rc7 fxe3 24. Qxe3 Bxd4 25. Qxd4 Qxd4 26. Nxd4 Rae8 27. Rxb7 Rxf2 28. Rcc7 g5 29. Rg7+ Kh8 30. Rxh7+ Kg8 31. Rbg7+ Kf8 32. Ra7 Kg8 33. Rad7 Rd2 34. Nxe6 1-0

[Event "Belgrade Partizan CC-ch"]
[Site "Belgrade"]
[Date "2017.02.05"]
[Round "4"]
[White "Radovic, Goran"]
[Black "Radivojevic, Milan R"]
[Result "1-0"]
[WhiteElo "1929"]
[BlackElo "2255"]
[PlyCount "39"]
[EventDate "2017.02.03"]
[EventType "tourn"]
[EventRounds "5"]
[EventCountry "SRB"]
[SourceTitle "CBM 176 Extra"]
[Source "ChessBase"]
[SourceDate "2017.03.02"]
[SourceVersion "1"]
[SourceVersionDate "2017.03.02"]
[SourceQuality "1"]

1. c4 c6 2. Nc3 d5 3. e3 Nf6 4. d4 e6 5. Bd3 Nbd7 6. cxd5 Nxd5 7. Nge2 Nxc3 8. bxc3 e5 9. 0-0 Bd6 10. f4 exf4 11. Nxf4 0-0 12. e4 Bxf4 13. Bxf4 Qe7 14. Qh5 Re8 15. Bg5 Qe6 16. Rxf7 Nf8 17. Raf1 Bd7 18. e5 Ng6 19. Bxg6 hxg6 20. Rxg7+ 1-0

[Event "Belgrade Partizan CC-ch"]
[Site "Belgrade"]
[Date "2017.02.04"]
[Round "3"]
[White "Radivojevic, Milan R"]
[Black "Matovic, Mihajlo Z"]
[Result "0-1"]
[WhiteElo "2255"]
[BlackElo "2264"]
[PlyCount "52"]
[EventDate "2017.02.03"]
[EventType "tourn"]
[EventRounds "5"]
[EventCountry "SRB"]
[SourceTitle "CBM 176 Extra"]
[Source "ChessBase"]
[SourceDate "2017.03.02"]
[SourceVersion "1"]
[SourceVersionDate "2017.03.02"]
[SourceQuality "1"]

1. e4 c5 2. Nf3 d6 3. d3 Nc6 4. Nbd2 g6 5. g3 Bg7 6. Bg2 e5 7. 0-0 Nge7 8. a4 0-0 9. Nc4 h6 10. c3 Be6 11. Qe2 Re8 12. Bd2 Qd7 13. b4 cxb4 14. cxb4 Bg4 15. Bc3 d5 16. b5 dxc4 17. bxc6 Nxc6 18. dxc4 Nd4 19. Bxd4 exd4 20. Qd3 Rac8 21. Nd2 Rc5 22. f4 Rec8 23. Rfc1 Be6 24. e5 a6 25. Rab1 b5 26. axb5 axb5 0-1

[Event "Belgrade-chT"]
[Site "Belgrade"]
[Date "2016.10.16"]
[Round "8.4"]
[White "Kostic, V Vladimir"]
[Black "Radivojevic, Milan R"]
[Result "1/2-1/2"]
[WhiteElo "2286"]
[BlackElo "2298"]
[PlyCount "65"]
[EventDate "2016.10.08"]
[EventType "team-tourn"]
[EventRounds "13"]
[EventCountry "SRB"]
[SourceTitle "CBM 175 Extra"]
[Source "ChessBase"]
[SourceDate "2016.12.12"]
[SourceVersion "1"]
[SourceVersionDate "2016.12.12"]
[SourceQuality "1"]
[WhiteTeam "Romanticari"]
[BlackTeam "Grocka"]
[WhiteTeamCountry "SRB"]
[BlackTeamCountry "SRB"]

1. g3 Nf6 2. c4 d6 3. Bg2 Nbd7 4. Nc3 e5 5. d3 Be7 6. e4 c6 7. Nge2 0-0 8. 0-0 a5 9. h3 Qc7 10. Be3 g6 11. Qd2 Nh5 12. g4 Ng7 13. f4 f5 14. gxf5 gxf5 15. Ng3 exf4 16. Bxf4 Ne5 17. Kh1 Be6 18. b3 Ng6 19. Bh6 fxe4 20. Bxg7 Kxg7 21. Nh5+ Kh8 22. Nxe4 d5 23. Ng5 Bg8 24. Rae1 Rxf1+ 25. Bxf1 Bf8 26. Qf2 Bg7 27. Nxg7 Qxg7 28. Ne6 Bxe6 29. Rxe6 Rf8 30. Qe1 Qd4 31. Re8 dxc4 32. Rxf8+ Nxf8 33. dxc4 1/2-1/2

[Event "Belgrade-chT"]
[Site "Belgrade"]
[Date "2016.10.08"]
[Round "1.1"]
[White "Radivojevic, Milan R"]
[Black "Antic, Dejan"]
[Result "0-1"]
[WhiteElo "2298"]
[BlackElo "2440"]
[PlyCount "88"]
[EventDate "2016.10.08"]
[EventType "team-tourn"]
[EventRounds "13"]
[EventCountry "SRB"]
[SourceTitle "EXT 2017"]
[Source "ChessBase"]
[SourceDate "2016.10.25"]
[SourceVersion "1"]
[SourceVersionDate "2016.10.25"]
[SourceQuality "1"]
[WhiteTeam "Grocka"]
[BlackTeam "Crvena Zvezda"]
[WhiteTeamCountry "SRB"]
[BlackTeamCountry "SRB"]

1. e4 e6 2. d4 d5 3. exd5 exd5 4. Bd3 c5 5. Nf3 Nc6 6. 0-0 cxd4 7. Re1+ Be7 8. Bb5 Nf6 9. Nxd4 Bd7 10. Be3 0-0 11. c3 Ng4 12. Bf4 Bc5 13. Bxc6 bxc6 14. h3 Nf6 15. Nd2 Re8 16. Qc2 Bf8 17. Rxe8 Qxe8 18. N2f3 c5 19. Re1 Qc8 20. Nb3 Bf5 21. Qe2 Qb7 22. Qe5 Be4 23. Nfd2 Bg6 24. Qc7 Qb6 25. Qxb6 axb6 26. a3 Bf5 27. f3 Nd7 28. g4 Be6 29. Re2 g6 30. Kf2 Bg7 31. Ke1 c4 32. Nd4 Nc5 33. Nxe6 fxe6 34. Kd1 Nd3 35. Bc7 Nxb2+ 36. Kc2 Na4 37. Rxe6 Nxc3 38. Be5 Rxa3 39. Bxg7 Kxg7 40. Rxb6 Ne2 41. Rb7+ Kf6 42. Rxh7 Ra2+ 43. Kd1 Nd4 44. Nb1 Ra1 0-1

[Event "Belgrade-chT"]
[Site "Belgrade"]
[Date "2013.10.18"]
[Round "7.2"]
[White "Dobrijevic, Milan"]
[Black "Radivojevic, Milan R"]
[Result "1/2-1/2"]
[WhiteElo "2230"]
[BlackElo "2292"]
[PlyCount "52"]
[EventDate "2013.10.12"]
[EventType "team-tourn"]
[EventRounds "11"]
[EventCountry "SRB"]
[SourceTitle "EXT 2014"]
[Source "ChessBase"]
[SourceDate "2013.11.20"]
[SourceVersion "1"]
[SourceVersionDate "2013.11.20"]
[SourceQuality "1"]
[WhiteTeam "Belgrade PTT"]
[BlackTeam "Grocka"]
[WhiteTeamCountry "SRB"]
[BlackTeamCountry "SRB"]

1. e4 d5 2. exd5 Qxd5 3. Nc3 Qa5 4. g3 Nf6 5. Bg2 c6 6. Nge2 Bg4 7. h3 Bxe2 8. Qxe2 e6 9. 0-0 Bd6 10. Ne4 Nxe4 11. Qxe4 Nd7 12. b4 Qe5 13. Qxe5 Bxe5 14. Rb1 0-0-0 15. Re1 Bf6 16. d3 Nb6 17. Be3 Bd4 18. Rb3 Bxe3 19. fxe3 Rhe8 20. Reb1 Re7 21. Kf2 a6 22. Ra1 Kc7 23. a4 e5 24. b5 a5 25. Rc3 Re6 26. bxc6 bxc6 1/2-1/2

[Event "Belgrade-chT"]
[Site "Belgrade"]
[Date "2013.10.13"]
[Round "2.5"]
[White "Cetkovic, Miodrag"]
[Black "Radivojevic, Milan R"]
[Result "0-1"]
[WhiteElo "2174"]
[BlackElo "2292"]
[PlyCount "88"]
[EventDate "2013.10.12"]
[EventType "team-tourn"]
[EventRounds "11"]
[EventCountry "SRB"]
[SourceTitle "EXT 2014"]
[Source "ChessBase"]
[SourceDate "2013.11.20"]
[SourceVersion "1"]
[SourceVersionDate "2013.11.20"]
[SourceQuality "1"]
[WhiteTeam "Belgrade Radnicki"]
[BlackTeam "Grocka"]
[WhiteTeamCountry "SRB"]
[BlackTeamCountry "SRB"]

1. e4 d5 2. exd5 Qxd5 3. d4 c6 4. Nf3 Nf6 5. c4 Qd8 6. Ne5 Bf5 7. g4 Be4 8. f3 Bxb1 9. Rxb1 e6 10. a3 Nbd7 11. Bd3 Nxe5 12. dxe5 Qa5+ 13. Bd2 Qxe5+ 14. Qe2 Qxe2+ 15. Kxe2 Nd7 16. Bc3 f6 17. f4 Bd6 18. Kf3 Rd8 19. Rbd1 Bc7 20. Rhe1 Kf7 21. b4 Nb6 22. h4 Rd7 23. Be2 Rhd8 24. Rxd7+ Rxd7 25. h5 Na4 26. Rc1 Nxc3 27. Rxc3 Rd4 28. f5 exf5 29. gxf5 Rf4+ 30. Ke3 Rxf5 31. Rd3 Re5+ 32. Kf2 f5 33. Bf3 g5 34. hxg6+ hxg6 35. Rd1 g5 36. Rh1 Kg7 37. Rd1 Re7 38. Rd4 g4 39. Bd1 Kf6 40. Rd3 Rh7 41. Kg1 f4 42. Rd2 f3 43. Rd4 Kg5 44. Kf2 Rf7 0-1

[Event "Belgrade-chT"]
[Site "Belgrade"]
[Date "2012.10.12"]
[Round "11.5"]
[White "Radivojevic, Milan R"]
[Black "Stamenkovic, Aleksandar"]
[Result "1-0"]
[WhiteElo "2302"]
[BlackElo "2298"]
[PlyCount "97"]
[EventDate "2012.10.01"]
[EventType "team-tourn"]
[EventRounds "11"]
[EventCountry "SRB"]
[SourceTitle "CBM 150 Extra"]
[Source "ChessBase"]
[SourceDate "2012.10.19"]
[SourceVersion "1"]
[SourceVersionDate "2012.10.19"]
[SourceQuality "1"]
[WhiteTeam "Belgrade EDB"]
[BlackTeam "Belgrade Post Stedionica"]
[WhiteTeamCountry "SRB"]
[BlackTeamCountry "SRB"]

1. Nf3 Nf6 2. g3 d5 3. Bg2 Bf5 4. d3 c6 5. Nbd2 e6 6. c3 Nbd7 7. 0-0 h6 8. Re1 Be7 9. e4 dxe4 10. Nxe4 0-0 11. Bf4 Nd5 12. Qd2 Nxf4 13. Qxf4 Qb6 14. Re2 Rad8 15. d4 c5 16. Rd2 cxd4 17. Nxd4 Bg6 18. Nf3 f5 19. Nd6 e5 20. Qc4+ Kh7 21. Nxb7 Qxb7 22. Ng5+ Bxg5 23. Bxb7 Bxd2 24. Rd1 Bg5 25. Qb5 Nb6 26. Rxd8 Rxd8 27. Qxe5 Rd2 28. f4 Bf6 29. Qb5 Bd8 30. a4 Nxa4 31. Qxa4 Rxb2 32. Bc8 Bb6+ 33. Kh1 h5 34. Qa1 Re2 35. Qd1 Rf2 36. Bxf5 Bxf5 37. Qxh5+ Kg8 38. Qe8+ Kh7 39. Qh5+ Kg8 40. Qxf5 Rb2 41. g4 a5 42. g5 g6 43. Qxg6+ Kf8 44. Qf5+ Ke7 45. g6 a4 46. g7 a3 47. g8Q Kd6 48. Qgd5+ Kc7 49. Qfd7+ 1-0

[Event "Belgrade-chT"]
[Site "Belgrade"]
[Date "2012.10.05"]
[Round "5.3"]
[White "Popovic, Aleksandar M"]
[Black "Radivojevic, Milan R"]
[Result "1/2-1/2"]
[WhiteElo "2274"]
[BlackElo "2302"]
[PlyCount "60"]
[EventDate "2012.10.01"]
[EventType "team-tourn"]
[EventRounds "11"]
[EventCountry "SRB"]
[SourceTitle "CBM 150 Extra"]
[Source "ChessBase"]
[SourceDate "2012.10.19"]
[SourceVersion "1"]
[SourceVersionDate "2012.10.19"]
[SourceQuality "1"]
[WhiteTeam "Belgrade PTT"]
[BlackTeam "Belgrade EDB"]
[WhiteTeamCountry "SRB"]
[BlackTeamCountry "SRB"]

1. g3 d5 2. Bg2 c6 3. d3 Nf6 4. Nd2 Bf5 5. e4 Bg6 6. e5 Nfd7 7. f4 e6 8. Ngf3 Be7 9. 0-0 c5 10. Nb3 Nc6 11. Be3 0-0 12. Qe2 Qc7 13. Rad1 a5 14. c4 dxc4 15. dxc4 a4 16. Nbd2 Nb4 17. Nb1 Bxb1 18. Rxb1 Nxa2 19. Nd2 Rfd8 20. Ne4 Nb4 21. Nc3 Nc6 22. Nb5 Qb6 23. Rbd1 Nd4 24. Nxd4 cxd4 25. Bxd4 Bc5 26. Qf2 Bxd4 27. Rxd4 Nc5 28. Rfd1 Rxd4 29. Rxd4 Rc8 30. Rd6 Qb4 1/2-1/2